Statistics for Top 10 Most Covered Artists

Click here to take the quiz!

General Stats

  • This quiz has been taken 56 times
  • The average score is 7 of 9

Answer Stats

# of Covers Song (# of covers) Artist % Correct
391Billie Jean (37)Michael Jackson
96%
2710Yesterday (145)The Beatles
96%
371We Will Rock You (30)Queen
96%
438Paint It Black (63)The Rolling Stones
88%
363With Or Without You (32)U2
79%
533Superstition (32)Stevie Wonder
77%
493My Way (38)Frank Sinatra
75%
608All Along The Watchtower (19)Bob Dylan
67%
396Let's Get It On (19)Marvin Gaye
67%

Score Distribution

Percentile by Number Answered

Percent of People with Each Score

Your Score History

You have not taken this quiz